| 000 | 00573nam a22001937a 4500 | ||
|---|---|---|---|
| 005 | 20251108164648.0 | ||
| 008 | 250721s1996 xx 000 0 ara d | ||
| 082 | 1 | 4 | _a414.3/قند |
| 100 | 1 | _aقنديل، لطفي السيد صالح | |
| 245 | 1 | 0 |
_aحسن التعليل : _bتاريخ و دراسة / |
| 264 | 1 |
_aالقاهرة : _bمكتبة وهبة، _c1996. |
|
| 300 | _a92ص | ||
| 490 | 0 | _aمن قضايا البلاغة | |
| 650 | 1 | 7 | _aاللغة العربية |
| 650 | 1 | 7 | _aالبلاغة |
| 650 | 1 | 7 | _aالبديع |
| 942 |
_2ddc _cBK |
||
| 999 |
_c11215 _d11215 |
||